[Event "2007 Battle of Alberta"]
[Site "Red Deer"]
[Date "2007.08.18"]
[Round "1.2"]
[White "Gardner, Robert"]
[Black "Neven, Knut"]
[Result "0-1"]
[WhiteElo "2273"]
[BlackElo "2299"]
[PlyCount "78"]
[EventDate "2007.08.18"]
[EventType "team-match"]
[EventRounds "2"]
[EventCountry "CAN"]
[WhiteTeam "North"]
[BlackTeam "South"]
[WhiteTeamCountry "CAN"]
[BlackTeamCountry "CAN"]

1. d4 Nf6 2. c4 g6 3. Nc3 d5 4. h4 c6 5. cxd5 cxd5 6. Bf4 Nc6 7. Nf3 Bg7 8. e3
Bg4 9. Bd3 O-O 10. Qd2 Bxf3 11. gxf3 Nh5 12. Bh2 e5 13. dxe5 Nxe5 14. Bxe5 Bxe5
15. f4 Bg7 16. Be2 Nf6 17. Bf3 Ne4 18. Nxe4 dxe4 19. Bxe4 Qe7 20. Bf3 Rfd8 21.
Qa5 b6 22. Qb5 a6 23. Qb3 Rac8 24. h5 Rc5 25. hxg6 hxg6 26. a4 b5 27. Rb1 Rc4
28. axb5 axb5 29. Qxb5 Rxf4 30. Qe2 Qb4+ 31. Kf1 Rf5 32. e4 Rc5 33. b3 Rd2 34.
Qa6 Rcc2 35. Qa7 Qd4 36. Qxd4 Bxd4 37. Kg2 Rxf2+ 38. Kg3 Rc3 39. Rbd1 Rfxf3+
0-1

[Event "2007 Battle of Alberta"]
[Site "Red Deer"]
[Date "2007.08.18"]
[Round "1.3"]
[White "Kaminski, Victor"]
[Black "Li, Zhichao"]
[Result "1-0"]
[WhiteElo "2285"]
[BlackElo "2266"]
[PlyCount "33"]
[EventDate "2007.08.18"]
[EventType "team-match"]
[EventRounds "2"]
[EventCountry "CAN"]
[WhiteTeam "South"]
[BlackTeam "North"]
[WhiteTeamCountry "CAN"]
[BlackTeamCountry "CAN"]

1. d4 d5 2. Nf3 c6 3. c4 Nf6 4. Nc3 dxc4 5. a4 Bf5 6. Ne5 e6 7. f3 c5 8. e4 Bg6
9. Bxc4 cxd4 10. Bb5+ Nbd7 11. Bg5 Qc7 12. Bxf6 gxf6 13. Nxd7 dxc3 14. Nb6+ Ke7
15. Nxa8 Qc8 16. Rc1 f5 17. e5 1-0

[Event "2007 Battle of Alberta"]
[Site "Red Deer"]
[Date "2007.08.18"]
[Round "1.8"]
[White "Kazakevich, Anastasia"]
[Black "Robichaud, Martin"]
[Result "1/2-1/2"]
[WhiteElo "2153"]
[BlackElo "2142"]
[PlyCount "123"]
[EventDate "2007.08.18"]
[EventType "team-match"]
[EventRounds "2"]
[EventCountry "CAN"]
[WhiteTeam "North"]
[BlackTeam "South"]
[WhiteTeamCountry "CAN"]
[BlackTeamCountry "CAN"]

1. d4 d6 2. c4 g6 3. Nc3 Bg7 4. e3 Nf6 5. Bd3 O-O 6. Nf3 Nbd7 7. O-O e5 8. Qc2
Qe7 9. b4 Re8 10. Nd2 a5 11. b5 Ng4 12. Nd5 Qd8 13. dxe5 Bxe5 14. h3 Bxa1 15.
hxg4 Nf6 16. Ba3 Nxd5 17. Rxa1 Nb4 18. Qc3 Nxd3 19. Qxd3 Qf6 20. Rb1 Bxg4 21.
Bb2 Qd8 22. Qd4 f6 23. Qxg4 Qe7 24. Qf3 Kg7 25. Qxb7 Rab8 26. Qf3 Rf8 27. Ne4
Rbe8 28. Nxf6 Rxf6 29. Bxf6+ Qxf6 30. Qxf6+ Kxf6 31. b6 c5 32. Kf1 Ke6 33. Ke2
Rb8 34. b7 a4 35. e4 g5 36. f3 h5 37. g3 Kd7 38. f4 gxf4 39. gxf4 Kc7 40. f5 h4
41. f6 Kd7 42. f7 Ke7 43. Rf1 Kf8 44. Rh1 Rxb7 45. Rxh4 Rb2+ 46. Kd3 Kxf7 47.
Rh7+ Ke6 48. Rh6+ Kd7 49. Rh7+ Kc6 50. Rh6 Rxa2 51. e5 a3 52. Rxd6+ Kc7 53. Kc3
Re2 54. Ra6 Re3+ 55. Kc2 Kd7 56. Kb1 Rc3 57. Ka2 Rxc4 58. Kxa3 Re4 59. e6+ Rxe6
60. Rxe6 Kxe6 61. Kb3 Kd5 62. Kc3 1/2-1/2

[Event "2007 Battle of Alberta"]
[Site "Red Deer"]
[Date "2007.08.18"]
[Round "1.12"]
[White "Pedersen, Rick"]
[Black "Trikha, Ravi"]
[Result "1/2-1/2"]
[WhiteElo "1965"]
[BlackElo "1984"]
[PlyCount "66"]
[EventDate "2007.08.18"]
[EventType "team-match"]
[EventRounds "2"]
[EventCountry "CAN"]
[WhiteTeam "North"]
[BlackTeam "South"]
[WhiteTeamCountry "CAN"]
[BlackTeamCountry "CAN"]

1. e4 d5 2. e5 d4 3. Bc4 Nc6 4. Nf3 Bf5 5. d3 e6 6. O-O Nh6 7. Re1 Rg8 8. Bb5
g5 9. c3 Bg4 10. Nbd2 dxc3 11. bxc3 Qd5 12. c4 Qxd3 13. Ne4 O-O-O 14. Nd6+ Rxd6
15. exd6 Qxd1 16. Rxd1 Bxd6 17. Bxc6 bxc6 18. Be3 c5 19. Rd3 Bxf3 20. gxf3 Nf5
21. Ra3 Kd7 22. Rd1 Kc6 23. Rb1 Nh4 24. Bd2 h5 25. Rbb3 g4 26. Ra6+ Kd7 27. Rd3
Nxf3+ 28. Kg2 h4 29. Kh1 Ke7 30. Rxa7 Ne5 31. Rc3 Nf3 32. Rd3 Ne5 33. Rc3 Nf3
1/2-1/2

[Event "2007 Battle of Alberta"]
[Site "Red Deer"]
[Date "2007.08.18"]
[Round "2.1"]
[White "Gicev, Blagoja"]
[Black "Huber, Greg"]
[Result "1/2-1/2"]
[WhiteElo "2374"]
[BlackElo "2323"]
[PlyCount "51"]
[EventDate "2007.08.18"]
[EventType "team-match"]
[EventRounds "2"]
[EventCountry "CAN"]
[WhiteTeam "North"]
[BlackTeam "South"]
[WhiteTeamCountry "CAN"]
[BlackTeamCountry "CAN"]

1. e4 c5 2. Nf3 e6 3. d4 cxd4 4. Nxd4 a6 5. Bd3 Nf6 6. O-O Qc7 7. Qe2 d6 8. c4
g6 9. b3 Bg7 10. Bb2 O-O 11. Nd2 Nbd7 12. Rac1 b6 13. Bb1 Bb7 14. b4 Qb8 15.
Rfd1 Rd8 16. N2b3 Ne8 17. a4 Rc8 18. a5 Qa7 19. Qd2 Rab8 20. Ba3 Bf8 21. Kh1
Rc7 22. axb6 Qxb6 23. Na5 Ba8 24. f3 Ne5 25. Ba2 Rbc8 26. Rb1 1/2-1/2

[Event "2007 Battle of Alberta"]
[Site "Red Deer"]
[Date "2007.08.18"]
[Round "2.2"]
[White "Neven, Knut"]
[Black "Gardner, Robert"]
[Result "1/2-1/2"]
[WhiteElo "2299"]
[BlackElo "2273"]
[PlyCount "142"]
[EventDate "2007.08.18"]
[EventType "team-match"]
[EventRounds "2"]
[EventCountry "CAN"]
[WhiteTeam "South"]
[BlackTeam "North"]
[WhiteTeamCountry "CAN"]
[BlackTeamCountry "CAN"]

1. e4 d6 2. d4 Nf6 3. Nc3 g6 4. Be3 Bg7 5. h3 c6 6. f4 Qa5 7. Bd3 e5 8. Nf3
Nbd7 9. O-O O-O 10. fxe5 dxe5 11. Qe1 exd4 12. Bxd4 Nc5 13. Qf2 Nxd3 14. cxd3
Be6 15. Bc5 Rfd8 16. Rad1 b6 17. Be3 Rd7 18. Nd4 c5 19. Nc6 Qa6 20. d4 cxd4 21.
Bxd4 Ne8 22. Nd5 Qb7 23. Bxg7 Bxd5 24. exd5 Nxg7 25. Ne5 Re7 26. d6 Rxe5 27. d7
Nf5 28. d8=Q+ Rxd8 29. Rxd8+ Kg7 30. Qf3 Qe7 31. Qc3 f6 32. Rc8 Kh6 33. Rc7 Qe6
34. Rxa7 Re2 35. Qf3 Re4 36. Ra3 Re2 37. Qf4+ Kg7 38. Ra7+ Ne7 39. Rd1 g5 40.
Qg3 Kg6 41. Rd6 Qe4 42. Qd3 Qxd3 43. Rxd3 Nc6 44. Rdd7 Rxb2 45. Rg7+ Kf5 46.
Rac7 Nd4 47. a4 Ne2+ 48. Kf1 Ng3+ 49. Ke1 Rxg2 50. Rc6 h5 51. Rxb6 Ra2 52. Ra7
Ne4 53. Rb5+ Kf4 54. Rb3 g4 55. hxg4 hxg4 56. Rg7 g3 57. Rb4 g2 58. a5 Ra1+ 59.
Ke2 g1=Q 60. Rxg1 Rxg1 61. Kd3 f5 62. Ra4 Kf3 63. Kd4 Kf4 64. a6 Rd1+ 65. Kc4
Rd8 66. a7 Ra8 67. Kd5 Kg5 68. Kc6 Ng3 69. Kb7 Rxa7+ 70. Kxa7 f4 71. Rxf4 Kxf4
1/2-1/2

[Event "2007 Battle of Alberta"]
[Site "Red Deer"]
[Date "2007.08.18"]
[Round "2.3"]
[White "Li, Zhichao"]
[Black "Kaminski, Victor"]
[Result "0-1"]
[WhiteElo "2266"]
[BlackElo "2285"]
[PlyCount "82"]
[EventDate "2007.08.18"]
[EventType "team-match"]
[EventRounds "2"]
[EventCountry "CAN"]
[WhiteTeam "North"]
[BlackTeam "South"]
[WhiteTeamCountry "CAN"]
[BlackTeamCountry "CAN"]

1. d4 Nf6 2. c4 e6 3. Nf3 c5 4. d5 exd5 5. cxd5 d6 6. Nc3 g6 7. e4 Bg7 8. Nd2
O-O 9. Be2 Re8 10. O-O Nbd7 11. f3 Ne5 12. Nc4 Nxc4 13. Bxc4 Nd7 14. Re1 Ne5
15. Bf1 f5 16. Be3 g5 17. exf5 Bxf5 18. Bb5 Rf8 19. Kh1 a6 20. Be2 b5 21. Qd2
b4 22. Ne4 h6 23. Ng3 Bg6 24. f4 gxf4 25. Bxf4 Qh4 26. Rf1 Ra7 27. Rf2 Raf7 28.
Raf1 a5 29. Be3 Rxf2 30. Rxf2 Rxf2 31. Bxf2 Nc4 32. Qe1 Nxb2 33. Bb5 Qf6 34.
Be8 Nd3 35. Qe2 Nxf2+ 36. Kg1 Nd3 37. Bxg6 Qxg6 38. Ne4 Bd4+ 39. Kf1 Qf5+ 40.
Qf3 Qxf3+ 41. gxf3 Be5 0-1

[Event "Under 1800"]
[Site "Calgary"]
[Date "2007.09.01"]
[Round "2"]
[White "Sekuloff, Mike"]
[Black "Corsmeier, Tom"]
[Result "1-0"]
[WhiteElo "1641"]
[BlackElo "1531"]
[PlyCount "103"]
[EventDate "2007.09.01"]
[EventType "swiss"]
[EventRounds "5"]
[EventCountry "CAN"]

1. b3 d5 2. Bb2 Nf6 3. e3 Nc6 4. Nf3 Bg4 5. h3 Bh5 6. g4 Bg6 7. Bb5 e6 8. Bxc6+
bxc6 9. Ne5 Qd6 10. d3 Be7 11. Nd2 h6 12. Nxg6 fxg6 13. f4 O-O 14. O-O c5 15.
Be5 Qb6 16. c4 c6 17. Qc2 Nh7 18. Nf3 Rad8 19. d4 g5 20. Qg6 Rf7 21. Qxe6 Bf6
22. fxg5 hxg5 23. Bxf6 gxf6 24. Ne5 Rdf8 25. Nxf7 Rxf7 26. cxd5 cxd4 27. dxc6
dxe3 28. Kg2 Qc7 29. Rae1 Nf8 30. Qc4 Ng6 31. Rxe3 Kg7 32. Rfe1 Ne5 33. Qc2 Rf8
34. Rd1 Rc8 35. Kf1 Nxc6 36. Qf5 Ne5 37. Rxe5 Qxe5 38. Qxc8 Qf4+ 39. Ke2 Qh2+
40. Kd3 Qxa2 41. Qd7+ Kh6 42. Kc3 Qa5+ 43. Kb2 Qe5+ 44. Qd4 Qe2+ 45. Rd2 Qe7
46. Rf2 Kg7 47. Rd2 Kh6 48. Ka2 a6 49. Qd6 Qf7 50. Rf2 Kg7 51. Qxa6 Qe7 52.
Qxf6+ 1-0

[Event "Under 1800"]
[Site "Calgary"]
[Date "2007.09.01"]
[Round "3"]
[White "Zeggelaar, Mike"]
[Black "Sekuloff, Mike"]
[Result "1/2-1/2"]
[WhiteElo "1534"]
[BlackElo "1641"]
[PlyCount "57"]
[EventDate "2007.09.01"]
[EventType "swiss"]
[EventRounds "5"]
[EventCountry "CAN"]

1. d4 d5 2. Nf3 Nf6 3. e3 g6 4. c4 c6 5. Nc3 Bg7 6. Bd3 O-O 7. O-O Bg4 8. cxd5
cxd5 9. Re1 Nc6 10. a3 Rc8 11. Bd2 e5 12. dxe5 Nxe5 13. Be2 Bxf3 14. gxf3 Qd7
15. Bf1 Qf5 16. Bg2 Nd3 17. Re2 Nxb2 18. Qb3 Nc4 19. Be1 Nd7 20. Qxb7 Nc5 21.
Nxd5 Qd3 22. Ne7+ Kh8 23. Qb5 Bxa1 24. Ra2 Nb3 25. Bf1 Qb1 26. Rxa1 Qxa1 27.
Qb4 Qxa3 28. Qc3+ f6 29. Nxc8 1/2-1/2

[Event "Under 1800"]
[Site "Calgary"]
[Date "2007.09.02"]
[Round "5"]
[White "Sekuloff, Mike"]
[Black "MacKinnon, Donald"]
[Result "1-0"]
[WhiteElo "1641"]
[BlackElo "1260"]
[PlyCount "61"]
[EventDate "2007.09.01"]
[EventType "swiss"]
[EventRounds "5"]
[EventCountry "CAN"]

1. b3 c6 2. Bb2 Nf6 3. Nf3 d5 4. e3 Bg4 5. h3 Bh5 6. g4 Bg6 7. Ne5 Ne4 8. d3
Nd6 9. f4 e6 10. Nd2 Qh4+ 11. Ke2 Qd8 12. Qe1 Nd7 13. Qg3 Nxe5 14. Bxe5 f6 15.
Bb2 Bf7 16. Bg2 Be7 17. Nf3 Qc7 18. Rac1 O-O-O 19. c4 dxc4 20. bxc4 Qa5 21. Nd4
Qxa2 22. Rc2 c5 23. Ra1 Qxa1 24. Bxa1 cxd4 25. Bxd4 a6 26. Rb2 Kc7 27. Bb6+ Kd7
28. Bxd8 Rxd8 29. Bxb7 Nxb7 30. Rxb7+ Ke8 31. Qf3 1-0

[Event "2007 Alberta Open"]
[Site "Edmonton"]
[Date "2007.10.06"]
[Round "1"]
[White "Motuz, Vitaly"]
[Black "Gardner, Robert"]
[Result "0-1"]
[WhiteElo "1770"]
[BlackElo "2243"]
[PlyCount "96"]
[EventDate "2007.10.06"]
[EventType "swiss"]
[EventRounds "6"]
[EventCountry "CAN"]

1. e4 d6 2. d4 Nf6 3. Nc3 g6 4. Bc4 Bg7 5. Nf3 O-O 6. Be3 Nxe4 7. Bxf7+ Rxf7 8.
Nxe4 d5 9. Neg5 Rf8 10. Qd2 h6 11. Nh3 Bxh3 12. gxh3 Rxf3 13. O-O-O Rxh3 14.
Rhg1 Qe8 15. Rg2 Nd7 16. Rdg1 Nf8 17. f4 e6 18. Qf2 Qf7 19. Bd2 a5 20. Rg3 Rxg3
21. Qxg3 Bxd4 22. Rf1 Kh7 23. h4 h5 24. f5 exf5 25. Re1 Ne6 26. Qd3 c6 27. b3
Bg7 28. Qe3 Re8 29. Qb6 Bh6 30. Qxa5 Bxd2+ 31. Qxd2 Nc5 32. Rd1 Qe7 33. Qd4
Qe3+ 34. Qxe3 Rxe3 35. Rh1 f4 36. Kd2 Ne4+ 37. Kc1 f3 38. Rf1 f2 39. Kd1 Rf3
40. Ke2 Rf5 41. Ke3 Ng3 42. Rxf2 d4+ 43. Kxd4 Rxf2 44. Kd3 g5 45. hxg5 h4 46.
a4 h3 47. c4 h2 48. Ke3 Rf8 0-1

[Event "2007 Alberta Open"]
[Site "Edmonton"]
[Date "2007.10.06"]
[Round "1"]
[White "Pua, Richard"]
[Black "Stone, Steven"]
[Result "1-0"]
[WhiteElo "1964"]
[BlackElo "1379"]
[PlyCount "69"]
[EventDate "2007.10.06"]
[EventType "swiss"]
[EventRounds "6"]
[EventCountry "CAN"]

1. e4 g6 2. d4 Bg7 3. Nf3 d6 4. Bc4 Bg4 5. Bxf7+ Kf8 6. Bc4 Nc6 7. h3 Bd7 8.
Nc3 Na5 9. Bd3 b6 10. Bf4 Nb7 11. O-O c5 12. d5 Nf6 13. e5 Nh5 14. Bh2 Bh6 15.
e6 Bc8 16. Nh4 Qe8 17. f4 Nf6 18. g4 Bg7 19. g5 Nxd5 20. Nxd5 Bxe6 21. Be4 Bxh3
22. Qd3 Qd7 23. f5 Bd4+ 24. Kh1 Bxf1 25. Rxf1 Kg7 26. f6+ exf6 27. gxf6+ Kf7
28. Bxg6+ hxg6 29. Qxg6+ Kf8 30. Ne7 Qe6 31. Qg7+ Ke8 32. Qxh8+ Kd7 33. Qxa8
Qe4+ 34. Ng2 Qh7 35. Qc8# 1-0

[Event "2007 Alberta Open"]
[Site "Edmonton"]
[Date "2007.10.06"]
[Round "2"]
[White "Gardner, Robert"]
[Black "Mrugala, David"]
[Result "1-0"]
[WhiteElo "2243"]
[BlackElo "2040"]
[PlyCount "79"]
[EventDate "2007.10.06"]
[EventType "swiss"]
[EventRounds "6"]
[EventCountry "CAN"]

1. f4 d5 2. Nf3 c5 3. e3 Nc6 4. Bb5 Bg4 5. h3 Bxf3 6. Qxf3 Nf6 7. b3 g6 8. Bb2
Bg7 9. O-O O-O 10. Bxc6 bxc6 11. d3 e6 12. Nc3 Nd7 13. Na4 Bxb2 14. Nxb2 Nb6
15. c4 f5 16. Rac1 Qe7 17. Rc2 Rfc8 18. cxd5 cxd5 19. Rfc1 Rc7 20. e4 Rac8 21.
exf5 exf5 22. Re2 Qf7 23. Rce1 c4 24. dxc4 dxc4 25. Nxc4 Nxc4 26. bxc4 Qxc4 27.
Kh2 Qc6 28. Qa3 Qc5 29. Qg3 Qd4 30. Qg5 Qd8 31. Re7 Qf8 32. Qh4 h6 33. R1e6
Rxe7 34. Rxe7 a5 35. Qe1 Qf6 36. Re6 Qf7 37. Qe5 Rd8 38. Re7 Qf8 39. Ra7 Re8
40. Qc7 1-0

[Event "2007 Alberta Open"]
[Site "Edmonton"]
[Date "2007.10.06"]
[Round "2"]
[White "Haynes, Nicolas"]
[Black "Pua, Richard"]
[Result "1/2-1/2"]
[WhiteElo "2242"]
[BlackElo "1964"]
[PlyCount "94"]
[EventDate "2007.10.06"]
[EventType "swiss"]
[EventRounds "6"]
[EventCountry "CAN"]

1. d4 Nf6 2. Bg5 Ne4 3. Bf4 d5 4. f3 Nf6 5. e4 dxe4 6. Nc3 exf3 7. Nxf3 Bg4 8.
Bc4 e6 9. O-O Be7 10. h3 Bxf3 11. Rxf3 O-O 12. Kh1 c6 13. Bd3 Nbd7 14. Be5 c5
15. Qe2 cxd4 16. Bxd4 Nc5 17. Bxc5 Bxc5 18. Ne4 Nxe4 19. Qxe4 g6 20. Qxb7 Rb8
21. Qc6 Qd5 22. Qxd5 exd5 23. b3 f5 24. Rd1 Rbd8 25. c3 Rfe8 26. Bb5 Re3 27.
Rxe3 Bxe3 28. Rxd5 Rxd5 29. Bc4 Kf8 30. Bxd5 g5 31. g3 Ke7 32. Kg2 Kd6 33. Kf3
Bd2 34. c4 Kc5 35. Ke2 Bc3 36. Be6 f4 37. gxf4 gxf4 38. Kf3 Bd2 39. Ke4 a5 40.
Bd5 h6 41. Kd3 Be3 42. Bf3 Bd4 43. Ke4 Bf6 44. Kxf4 Bg5+ 45. Kf5 a4 46. Ke4
axb3 47. axb3 Bd2 1/2-1/2

[Event "2007 Alberta Open"]
[Site "Edmonton"]
[Date "2007.10.07"]
[Round "3"]
[White "Pua, Richard"]
[Black "Kaminski, Victor"]
[Result "1/2-1/2"]
[WhiteElo "1964"]
[BlackElo "2276"]
[PlyCount "40"]
[EventDate "2007.10.06"]
[EventType "swiss"]
[EventRounds "6"]
[EventCountry "CAN"]

1. d4 e6 2. Nf3 Nf6 3. e3 b6 4. Bd3 Bb7 5. Nbd2 c5 6. b3 Nc6 7. a3 Be7 8. Bb2
O-O 9. O-O Rc8 10. Qe2 cxd4 11. exd4 Qc7 12. c4 d5 13. Rac1 dxc4 14. bxc4 Rfd8
15. Rfd1 g6 16. Ne4 Nxe4 17. Bxe4 Na5 18. Bxb7 Qxb7 19. d5 exd5 20. Qe5 f6
1/2-1/2

[Event "2007 Alberta Open"]
[Site "Edmonton"]
[Date "2007.10.07"]
[Round "3"]
[White "Rekhson, Vladislav"]
[Black "Gardner, Robert"]
[Result "0-1"]
[WhiteElo "2175"]
[BlackElo "2243"]
[PlyCount "64"]
[EventDate "2007.10.06"]
[EventType "swiss"]
[EventRounds "6"]
[EventCountry "CAN"]

1. e4 d6 2. d4 Nf6 3. Nc3 g6 4. Be3 Bg7 5. Qd2 c6 6. h3 b5 7. Bd3 Nbd7 8. f4
Nb6 9. Nf3 Bb7 10. g4 b4 11. Nd1 c5 12. Nf2 c4 13. Be2 Nxe4 14. Nxe4 Bxe4 15.
Qxb4 O-O 16. Qd2 Nd5 17. Bf2 Rb8 18. b3 c3 19. Qc1 Nb4 20. Bd1 Nxc2+ 21. Bxc2
Bxf3 22. O-O Qb6 23. Qe3 Ba8 24. Rfe1 Qc6 25. Be4 Qxe4 26. Qxe4 Bxe4 27. Rxe4
Rb7 28. Rc1 Rc8 29. d5 c2 30. Rc4 Rxc4 31. bxc4 Rb1 32. Be3 Bb2 0-1

[Event "2007 Alberta Open"]
[Site "Edmonton"]
[Date "2007.07.04"]
[Round "4"]
[White "Hughey, Micah"]
[Black "Pua, Richard"]
[Result "1-0"]
[WhiteElo "2147"]
[BlackElo "1964"]
[PlyCount "39"]
[EventDate "2007.10.06"]
[EventType "swiss"]
[EventRounds "6"]
[EventCountry "CAN"]

1. e4 e5 2. Nf3 Nf6 3. Nc3 Nc6 4. d4 exd4 5. Nxd4 Bb4 6. Nxc6 bxc6 7. Bd3 d5 8.
exd5 cxd5 9. O-O O-O 10. Bg5 c6 11. Qf3 Be7 12. Rfe1 Be6 13. h3 Re8 14. Ne2 Rb8
15. Nd4 Bd7 16. b3 c5 17. Nf5 Bxf5 18. Qxf5 Qc8 19. Qxc8 Rbxc8 20. Bb5 1-0

[Event "2007 Alberta Open"]
[Site "Edmonton"]
[Date "2007.10.07"]
[Round "4"]
[White "Gardner, Robert"]
[Black "Sasata, Robert"]
[Result "1/2-1/2"]
[WhiteElo "2243"]
[BlackElo "2336"]
[PlyCount "130"]
[EventDate "2007.10.06"]
[EventType "swiss"]
[EventRounds "6"]
[EventCountry "CAN"]

1. b3 e5 2. Bb2 Nc6 3. e3 Nf6 4. Bb5 Bd6 5. Ne2 a6 6. Bxc6 dxc6 7. d4 exd4 8.
Qxd4 Bf5 9. c4 Qe7 10. O-O c5 11. Qh4 g5 12. Qxg5 Bxh2+ 13. Kh1 Be5 14. Bxe5
Qxe5 15. Nbc3 Rg8 16. Qf4 Qxf4 17. Nxf4 c6 18. f3 Ke7 19. e4 Be6 20. Na4 Nd7
21. Nxe6 Kxe6 22. Rad1 b5 23. Rxd7 Kxd7 24. Nb6+ Ke6 25. Nxa8 Rxa8 26. Rc1 b4
27. Rd1 a5 28. f4 a4 29. Kh2 axb3 30. axb3 f6 31. Kg3 Ra2 32. Rd3 Rc2 33. Kf3
Rc1 34. Re3 Rf1+ 35. Kg3 Rc1 36. Kg4 Rg1 37. g3 Rc1 38. Kf3 Rf1+ 39. Ke2 Rg1
40. e5 f5 41. Rd3 Ke7 42. Kf2 Rb1 43. Kg2 h5 44. Rd6 Rxb3 45. Rxc6 h4 46. gxh4
Rb2+ 47. Kf3 Rb3+ 48. Ke2 Rb2+ 49. Ke3 Rb3+ 50. Kd2 Rb2+ 51. Kc1 Rf2 52. Rxc5
Rxf4 53. h5 Ke6 54. Kd2 Rf3 55. Rb5 b3 56. h6 Rh3 57. h7 Rxh7 58. Rxb3 Kxe5 59.
c5 Rh2+ 60. Ke1 Rc2 61. Kf1 Ke4 62. c6 f4 63. c7 Rxc7 64. Ra3 Rc2 65. Rb3 Ra2
1/2-1/2

[Event "2007 Alberta Open"]
[Site "Edmonton"]
[Date "2007.10.08"]
[Round "5"]
[White "Bae, Torstein"]
[Black "Gardner, Robert"]
[Result "1-0"]
[WhiteElo "2381"]
[BlackElo "2243"]
[PlyCount "35"]
[EventDate "2007.10.06"]
[EventType "swiss"]
[EventRounds "6"]
[EventCountry "CAN"]

1. e4 d6 2. d4 Nf6 3. Nc3 g6 4. Be3 Bg7 5. Qd2 c6 6. Bh6 Bxh6 7. Qxh6 Qb6 8.
O-O-O Nbd7 9. Nf3 Qa5 10. Bc4 Qh5 11. Qg7 Rf8 12. h3 d5 13. g4 Nxg4 14. hxg4
Qxg4 15. Be2 dxe4 16. Rh4 Qf5 17. Nxe4 h5 18. Re1 1-0

[Event "2007 Alberta Open"]
[Site "Edmonton"]
[Date "2007.10.08"]
[Round "6"]
[White "Gardner, Robert"]
[Black "Yearwood, Roy"]
[Result "1-0"]
[WhiteElo "2243"]
[BlackElo "2127"]
[PlyCount "63"]
[EventDate "2007.10.06"]
[EventType "swiss"]
[EventRounds "6"]
[EventCountry "CAN"]

1. f4 f5 2. b3 Nf6 3. Bb2 g6 4. Bxf6 exf6 5. e3 a5 6. a3 Na6 7. Nf3 Nc5 8. Be2
d5 9. O-O Ne6 10. d4 c6 11. c4 Nc7 12. Nc3 Be6 13. c5 Qe7 14. Qd2 Bh6 15. Na4
O-O 16. Nb6 Ra7 17. b4 Re8 18. Kf2 Bf7 19. Rfb1 g5 20. g3 axb4 21. axb4 Rxa1
22. Rxa1 Bh5 23. Bd3 Qf7 24. Ng1 gxf4 25. exf4 Qe6 26. Ra7 Rb8 27. Qe3 Kf7 28.
Qxe6+ Kxe6 29. Nf3 Nb5 30. Bxb5 cxb5 31. c6 bxc6 32. Nd7 1-0

[Event "Battle at the Border"]
[Site "Lloydminster"]
[Date "2007.10.20"]
[Round "1"]
[White "Achtemichuk, Chris"]
[Black "Monaghan, Jim"]
[Result "0-1"]
[WhiteElo "1749"]
[BlackElo "2090"]
[PlyCount "73"]
[EventDate "2007.10.20"]
[EventType "swiss"]
[EventRounds "4"]
[EventCountry "CAN"]

1. Nf3 Nf6 2. g3 b6 3. d3 Bb7 4. Bg2 c5 5. O-O g6 6. Nbd2 Bg7 7. Re1 O-O 8. a4
d6 9. e4 e5 10. Nf1 Nc6 11. Be3 Ng4 12. Bd2 h6 13. Nh4 Nf6 14. Qc1 Kh7 15. Ne3
Nd4 16. Qd1 d5 17. c3 Ne6 18. f3 d4 19. cxd4 Nxd4 20. Bc3 Re8 21. Ra3 Qd7 22.
Nc2 Nxc2 23. Qxc2 Rad8 24. Bd2 Ba6 25. Bf1 Bf8 26. Be3 c4 27. Raa1 cxd3 28. Qd2
Rc8 29. Rec1 Rxc1 30. Qxc1 Rc8 31. Qe1 Rc2 32. b4 Bc4 33. Rd1 Qxa4 34. Bxd3
Bxd3 35. Rxd3 Qxb4 36. Qd1 Qb2 37. Bc1 0-1

[Event "Battle at the Border"]
[Site "Lloydminster"]
[Date "2007.10.20"]
[Round "1"]
[White "Bae, Torstein"]
[Black "MacKinnon, Keith"]
[Result "1-0"]
[WhiteElo "2383"]
[BlackElo "2056"]
[PlyCount "67"]
[EventDate "2007.10.20"]
[EventType "swiss"]
[EventRounds "4"]
[EventCountry "CAN"]

1. d4 d5 2. c4 c6 3. Nf3 Nf6 4. e3 e6 5. Bd3 Nbd7 6. O-O Bd6 7. Nc3 O-O 8. b3
Re8 9. Bb2 a6 10. e4 dxe4 11. Nxe4 Nxe4 12. Bxe4 Nf6 13. Bc2 b6 14. Re1 Bb7 15.
Qd3 g6 16. Qc3 Bf8 17. d5 Bg7 18. dxe6 fxe6 19. c5 Nh5 20. Ne5 Nf4 21. Qg3 Qd2
22. Nc4 Qxc2 23. Bxg7 e5 24. Bxe5 Ne2+ 25. Rxe2 Qxe2 26. cxb6 Rad8 27. h3 Rd1+
28. Rxd1 Qxd1+ 29. Kh2 Qd5 30. f3 a5 31. Bb2 Qd7 32. Qf4 Re6 33. Ne5 Qe7 34.
Ng4 1-0

[Event "Battle at the Border"]
[Site "Lloydminster"]
[Date "2007.10.20"]
[Round "1"]
[White "Bjerke, Silje"]
[Black "Blum, Roger"]
[Result "1/2-1/2"]
[WhiteElo "2186"]
[BlackElo "1864"]
[PlyCount "64"]
[EventDate "2007.10.20"]
[EventType "swiss"]
[EventRounds "4"]
[EventCountry "CAN"]

1. e4 c5 2. c3 d5 3. exd5 Qxd5 4. d4 Nc6 5. Nf3 Bg4 6. Be2 e6 7. O-O Nf6 8. Be3
cxd4 9. cxd4 Be7 10. Nc3 Qd8 11. Qb3 Qb6 12. Qc2 Bf5 13. Qd2 Qd8 14. Rad1 O-O
15. Qc1 Nd5 16. Ne5 Ncb4 17. a3 Nxe3 18. fxe3 Nd5 19. Nxd5 Qxd5 20. Bf3 Qb3 21.
e4 Rac8 22. Qf4 Bg6 23. Rd2 Bd6 24. Qh4 Bxe5 25. dxe5 Rc2 26. Qf2 Rxd2 27. Qxd2
Qb6+ 28. Qf2 Qa5 29. h4 h6 30. h5 Bh7 31. Qg3 Qb6+ 32. Qf2 Qa5 1/2-1/2

[Event "Battle at the Border"]
[Site "Lloydminster"]
[Date "2007.10.20"]
[Round "1"]
[White "Corsmeier, Tom"]
[Black "Carverhill, Nic"]
[Result "0-1"]
[WhiteElo "1495"]
[BlackElo "1370"]
[PlyCount "44"]
[EventDate "2007.10.20"]
[EventType "swiss"]
[EventRounds "4"]
[EventCountry "CAN"]

1. e4 e5 2. d4 exd4 3. c3 d5 4. exd5 Qxd5 5. Nf3 Bg4 6. Be2 Nc6 7. cxd4 O-O-O
8. Nc3 Qh5 9. Be3 Nf6 10. Qa4 Nd5 11. Nxd5 Rxd5 12. a3 Ra5 13. Qc4 Bb4+ 14. Nd2
Bxe2 15. Qxe2 Bxd2+ 16. Qxd2 Qd5 17. O-O Ra6 18. b4 Ne7 19. Rfc1 Rg6 20. f3
Qxf3 21. Rf1 Qd5 22. Rac1 Nf5 0-1

[Event "Battle at the Border"]
[Site "Lloydminster"]
[Date "2007.10.20"]
[Round "1"]
[White "Danner, Jason"]
[Black "Robinson, Steve"]
[Result "1-0"]
[WhiteElo "1739"]
[BlackElo "1453"]
[PlyCount "73"]
[EventDate "2007.10.20"]
[EventType "swiss"]
[EventRounds "4"]
[EventCountry "CAN"]

1. c4 Nf6 2. Nf3 g6 3. Nc3 Bg7 4. d4 O-O 5. e4 d6 6. Be2 e5 7. dxe5 dxe5 8. Bg5
Qxd1+ 9. Rxd1 Nc6 10. O-O b6 11. Bxf6 Bxf6 12. Nd5 Bd8 13. b4 f6 14. a4 Ne7 15.
h3 c6 16. Ne3 Bc7 17. Rd2 f5 18. exf5 Nxf5 19. Ng4 e4 20. Ng5 Bf4 21. Nxe4 Bxd2
22. Nxd2 Nd4 23. Bd1 Bf5 24. Nf3 Rad8 25. Re1 Bxg4 26. hxg4 Nxf3+ 27. Bxf3 c5
28. b5 Kg7 29. Bd5 Rfe8 30. Ra1 Re2 31. a5 Rde8 32. Ra3 Rd2 33. axb6 axb6 34.
Ra7+ Kh6 35. f4 Re1+ 36. Kh2 Red1 37. g5+ 1-0

[Event "Battle at the Border"]
[Site "Lloydminster"]
[Date "2007.10.20"]
[Round "1"]
[White "Gardner, Robert"]
[Black "Regimbald, Adrien"]
[Result "1-0"]
[WhiteElo "2260"]
[BlackElo "1967"]
[PlyCount "85"]
[EventDate "2007.10.20"]
[EventType "swiss"]
[EventRounds "4"]
[EventCountry "CAN"]

1. d4 e6 2. e3 Nf6 3. Bd3 c5 4. c3 Be7 5. f4 d6 6. Nf3 Nc6 7. O-O e5 8. fxe5
dxe5 9. Nxe5 Nxe5 10. dxe5 Ng4 11. Qa4+ Bd7 12. Qf4 Be6 13. Bf5 Bxf5 14. Qxf5
Nh6 15. Qh5 Qd7 16. e4 Qg4 17. Qxg4 Nxg4 18. Bf4 g5 19. Bg3 Rd8 20. Na3 h5 21.
h3 h4 22. Bh2 Nxh2 23. Kxh2 Rh6 24. Rad1 Rxd1 25. Rxd1 Ra6 26. Kg1 Ra4 27. c4
a6 28. Kf2 f6 29. Rd5 Kf7 30. exf6 Kxf6 31. Ke3 Ke6 32. Kd3 Bf6 33. Kc2 b6 34.
Kb1 Be5 35. Rd8 b5 36. Re8+ Kf6 37. Rc8 bxc4 38. Rxc5 c3 39. Nc4 Bd4 40. Rc6+
Ke7 41. bxc3 Bxc3 42. Nb6 Rb4+ 43. Kc2 1-0